1619 1554 1981 1836 1470 1005 1342 1543 1840 1080 1629 1656 1771 1170 1476 1317 1812 1446 1152 1738 1729 1443 1604 1394 1475 1699 1062 1406 1126 1389 1405 1698 1578 1008 1426 1353 1490 1224 1781 1538 1094 1360 1592 1989 1342 1319 1084 1963 1160 1393 1718 1741 1541 1302 1585 1578 1077 1835 1704 1386 1202 1792 1723 1950 1726 1470 1088 1652 1176 1951 1794 1440 1466 1539 1099 1215 1631 1588 1762 1237 1880 1932 1919 1597 1537 1858 1075 1202 1573 1713 1667 1974 1936 1652 1098 1185 1597 1946 1701 BCNSPRNW ULIB Ver.6.0+V

เปลี่ยนเป็นภาษาไทย

Change to English
 แสดงรายละเอียดบรรณานุกรม
  กลับหน้าหลัก

Brief Record : Get Marc (ISO 2709) : E-mail record : QR code < ปิดหน้าต่าง
LEADER : 00000nam 2200000uu 4500
001    13399122902
003     ULIB
008    131028s2013||||th 000 0 eng d
020    ^a9780763799939
060 04 ^aWY161^bN974
245 00 ^aNursing care of the pediatric surgical patient /^ceditors,Nancy Tkacz Browne ... [et al.] ; associate editor, Jeannette A. Zerpa.
250    ^a3rd ed.
260    ^aBurlington, Mass. :^bJones & Bartlett Learning,^c2013.
300    ^axxiii, 549 p. :^bill. ;^c28 cm.
504    ^aIncludes bibliographical references and index.
650  0 ^aChildren^xSurgery^xNursing
650  2 ^aPediatric Nursing
650  2 ^aPerioperative Nursing
650  2 ^aChild
650  2 ^aInfant
700 1  ^aBrowne, Nancy Tkacz,^eed.
700 1  ^aZerpa, Jeannette a.,^eed.
945    ^p150^l0^i034120
999    ^aเกษร โพธิ์สุวรรณ
รายการนี้ยังไม่มีแท็ก
คุณยังไม่ได้ล็อกอิน คุณสามารถมีกิจกรรมร่วมกับเว็บไซต์ได้ แต่ต้องล็อกอินก่อน ::
  ล็อกอิน

รายการสื่อสารสนเทศ

ลำดับที่ ประเภท เลขเรียก/บาร์โค้ด สถานที่ สถานะ
1. Book การพยาบาล
Book การพยาบาล
WY161 N974  
  Barcode: 034120
ห้องสมุดวิทยาเขตสวรรค์ประชารักษ์
►หนังสือทั่วไป
บนชั้น

รายการใกล้เคียง
    หัวเรื่อง [Pediatric Nursing]
    หัวเรื่อง [Perioperative Nursing]
    หัวเรื่อง [Child]
    หัวเรื่อง [Infant]

BibComment


ยังไม่เคยถูกคอมเมนท์

คอมเมนท์ทรัพยากรรายการนี้
  คอมเมนท์: Nursing care of ..


 Copyright 2026. Bcnsprnw @Library